Statystyki dla Wszystkie miasta Polski na literę D

Kliknij tutaj aby rozwiązać quiz!

Ogólne statystyki

  • Ten quiz został rozwiązany 601 razy
    (124 od ostatniego zresetowania)
  • Średni wynik to 25 z 38

Statystyki odpowiedzi

WojewództwoPopulacjaMiasto% Poprawnych
śląskie118285Dąbrowa Górnicza
94%
zachodniopomorskie13574Darłowo
90%
podkarpackie45189Dębica
87%
warmińsko-mazurskie21145Działdowo
82%
zachodniopomorskie13626Dębno
80%
zachodniopomorskie11417Drawsko Pomorskie
80%
dolnośląskie32869Dzierżoniów
80%
lubelskie15887Dęblin
77%
mazowieckie1820Dobre
73%
zachodniopomorskie2647Dziwnów
73%
małopolskie11844Dąbrowa Tarnowska
71%
lubuskie9978Drezdenko
71%
wielkopolskie1352Dobra
70%
zachodniopomorskie2296Dobra
70%
warmińsko-mazurskie10010Dobre Miasto
70%
wielkopolskie1982Dąbie
67%
dolnośląskie4422Duszniki-Zdrój
67%
podlaskie5402Dąbrowa Białostocka
65%
świętokrzyskie2856Daleszyce
60%
zachodniopomorskie2250Drawno
60%
lubuskie3017Dobiegniew
59%
podkarpackie2044Dukla
58%
pomorskie5320Dzierzgoń
58%
pomorskie5020Debrzno
57%
kujawsko-pomorskie2072Dobrzyń nad Wisłą
57%
podlaskie1932Drohiczyn
57%
łódzkie5746Działoszyn
57%
wielkopolskie1553Dolsk
55%
podkarpackie6063Dynów
55%
małopolskie6425Dobczyce
54%
opolskie3665Dobrodzień
54%
świętokrzyskie902Działoszyce
54%
mazowieckie2821Drobin
53%
łódzkie3803Drzewica
52%
zachodniopomorskie2218Dobrzany
51%
wielkopolskie3112Dobrzyca
51%
łódzkie847Dąbrowice
46%
podkarpackie866Dubiecko
45%

Rozkład punktacji

Percentyl według liczby udzielonych odpowiedzi

Procent ludzi z każdym wynikiem

Twoja historia wyników

Nie rozwiązałeś tego quizu od ostatniego zresetowania